000 00874nam a22002537a 4500
003 OSt
005 20260423010213.0
008 250711b |||||||| |||| 00| 0 eng d
020 _a9781412987233
040 _aDWCL - Main lib
_cOC
082 _aCirc. 616.8914 Iv94t 2012
100 _aIvey Allen E.
245 _aTheories of counseling and psychotherapy :
_ba multicultural perspective/
_cAllen E. Ivey
250 _a7 edition.
260 _a London :
_bSAGE Publications,
_c c2012.
300 _axxviii, [9] 744 pages :
_bcolor illustrations ;
_c 24 cm. + 2 CD-ROM (4 3/4 in.)
504 _aIncludes bibliographical references and index.
650 _a1. Counseling.
650 _a2. Psychotherapy methods.
650 _a3. Psychotherapy.
700 _aMichael J. D,Andrea
700 _aMary Brandford Ivey
942 _2ddc
_cBK-CIRC
_e7 edition.
_kCirc.
_n0
999 _c3617
_d3617